Nghiên cứu thiết kế chế tạo máy in 3D công nghệ FDM : Báo cáo tổng kết đề tài nghiên cứu khoa học của sinh viên
Giải mã và chế tạo thành công máy in 3D FDM làm công cụ phục vụ sinh viên ngành cơ điện tử trong việc chế tạo nhanh các chi tiết máy tải nhỏ nhưng đòi hỏi độ chính xác cao.
Guardat en:
| Autor principal: | |
|---|---|
| Format: | Llibre |
| Idioma: | Undetermined |
| Publicat: |
Cần Thơ
Trường Đại học Cần Thơ
2015
|
| Matèries: | |
| Etiquetes: |
Afegir etiqueta
Sense etiquetes, Sigues el primer a etiquetar aquest registre!
|
| Thư viện lưu trữ: | Trung tâm Học liệu Trường Đại học Cần Thơ |
|---|
| LEADER | 01100nam a2200217Ia 4500 | ||
|---|---|---|---|
| 001 | CTU_210166 | ||
| 008 | 210402s9999 xx 000 0 und d | ||
| 082 | |a 621.815 | ||
| 082 | |b H305 | ||
| 088 | |a TSV2015-06 | ||
| 100 | |a Nguyễn, Văn Hiện | ||
| 245 | 0 | |a Nghiên cứu thiết kế chế tạo máy in 3D công nghệ FDM : | |
| 245 | 0 | |b Báo cáo tổng kết đề tài nghiên cứu khoa học của sinh viên | |
| 245 | 0 | |c Nguyễn Văn Hiện ; Lưu Trọng Hiếu (hướng dẫn) | |
| 260 | |a Cần Thơ | ||
| 260 | |b Trường Đại học Cần Thơ | ||
| 260 | |c 2015 | ||
| 520 | |a Giải mã và chế tạo thành công máy in 3D FDM làm công cụ phục vụ sinh viên ngành cơ điện tử trong việc chế tạo nhanh các chi tiết máy tải nhỏ nhưng đòi hỏi độ chính xác cao. | ||
| 650 | |a Machine design,Chi tiết máy,Thiết kế máy,Machine parts | ||
| 904 | |i Nguyễn Duy Khang,Qhieu | ||
| 980 | |a Trung tâm Học liệu Trường Đại học Cần Thơ | ||